|
|
|
|
| LEADER |
00551nam a22001451a 4500 |
| 020 |
|
|
|a 9780521622578
|
| 082 |
|
|
|a 155.418
|b BRA/I
|
| 245 |
|
|
|a Intersubjective comunication and emotion in early ontogeny
|c by Braten Stein (ed.)
|
| 260 |
|
|
|a Cambridge:
|b Cambridge University Press,
|c 1998.
|
| 300 |
|
|
|a 454p.
|
| 650 |
|
|
|a Interpersonal Communication
|9 73085
|
| 650 |
|
|
|a Psychology
|9 73086
|
| 942 |
|
|
|c BK
|
| 999 |
|
|
|c 20565
|d 20565
|
| 952 |
|
|
|0 0
|1 0
|4 0
|6 155_418000000000000_BRA_T
|7 0
|9 28872
|a SSUS
|b SSUS
|d 2015-01-08
|g 0.00
|o 155.418 BRA/T
|p 020277
|r 2015-01-08
|v 0.00
|w 2015-01-08
|y BK
|